Fuel cells (Record no. 355826)
[ view plain ]
| 000 -LEADER | |
|---|---|
| fixed length control field | 01336cam a22003737a 4500 |
| 001 - CONTROL NUMBER | |
| control field | 7855837 |
| 003 - CONTROL NUMBER IDENTIFIER | |
| control field | USPCAS-E |
| 005 - DATE AND TIME OF LATEST TRANSACTION | |
| control field | 20180118181415.0 |
| 006 - FIXED-LENGTH DATA ELEMENTS--ADDITIONAL MATERIAL CHARACTERISTICS | |
| fixed length control field | m d |
| 007 - PHYSICAL DESCRIPTION FIXED FIELD--GENERAL INFORMATION | |
| fixed length control field | cr n |
| 008 - FIXED-LENGTH DATA ELEMENTS--GENERAL INFORMATION | |
| fixed length control field | 051207s2006 nyua sb 001 0 eng d |
| 016 7# - NATIONAL BIBLIOGRAPHIC AGENCY CONTROL NUMBER | |
| Record control number | 977491544 |
| Source | GyFmDB |
| 020 ## - INTERNATIONAL STANDARD BOOK NUMBER | |
| International Standard Book Number | 0387251162 (hd. bd.) |
| 020 ## - INTERNATIONAL STANDARD BOOK NUMBER | |
| International Standard Book Number | 9780387251165 |
| 035 ## - SYSTEM CONTROL NUMBER | |
| System control number | (WaSeSS)ssj0000317819 |
| 040 ## - CATALOGING SOURCE | |
| Original cataloging agency | OHX |
| Transcribing agency | OHX |
| Modifying agency | KSU |
| -- | IXA |
| -- | YDXCP |
| -- | OCLCQ |
| -- | BAKER |
| -- | DLC |
| -- | WaSeSS |
| 042 ## - AUTHENTICATION CODE | |
| Authentication code | lccopycat |
| 050 #4 - LIBRARY OF CONGRESS CALL NUMBER | |
| Classification number | TK2931 |
| Item number | .S75 2006 |
| 072 #7 - SUBJECT CATEGORY CODE | |
| Subject category code | TK |
| Source | lcco |
| 082 ## - DEWEY DECIMAL CLASSIFICATION NUMBER | |
| Edition number | 23 |
| Classification number | 621.31244 |
| Author Mark | SRI-F 2006 |
| 100 1# - MAIN ENTRY--PERSONAL NAME | |
| Personal name | Srinivasan, S. |
| Fuller form of name | (Supramaniam), |
| Dates associated with a name | 1932- |
| 210 10 - ABBREVIATED TITLE | |
| Abbreviated title | Fuel cells |
| 245 10 - TITLE STATEMENT | |
| Title | Fuel cells |
| Medium | [electronic resource] : |
| Remainder of title | from fundamentals to applications / |
| Statement of responsibility, etc. | Supramaniam Srinivasan. |
| 260 ## - PUBLICATION, DISTRIBUTION, ETC. | |
| Place of publication, distribution, etc. | New York : |
| Name of publisher, distributor, etc. | Springer, |
| Date of publication, distribution, etc. | 2006. |
| 502 ## - DISSERTATION NOTE | |
| Dissertation note | 0 |
| 504 ## - BIBLIOGRAPHY, ETC. NOTE | |
| Bibliography, etc. note | Includes bibliographical references and index. |
| 506 ## - RESTRICTIONS ON ACCESS NOTE | |
| Terms governing access | License restrictions may limit access. |
| 650 #0 - SUBJECT ADDED ENTRY--TOPICAL TERM | |
| Topical term or geographic name entry element | Fuel cells |
| General subdivision | Textbooks. |
| 650 #0 - SUBJECT ADDED ENTRY--TOPICAL TERM | |
| Topical term or geographic name entry element | Electrochemistry |
| General subdivision | Textbooks. |
| 773 #0 - HOST ITEM ENTRY | |
| Title | SpringerLink ebooks - Chemistry and Materials Science (2006) |
| 856 40 - ELECTRONIC LOCATION AND ACCESS | |
| Uniform Resource Identifier | <a href="http://www.columbia.edu/cgi-bin/cul/resolve?clio7855837">http://www.columbia.edu/cgi-bin/cul/resolve?clio7855837</a> |
| Public note | Full text available from SpringerLink ebooks - Chemistry and Materials Science (2006) |
| 910 ## - USER-OPTION DATA (OCLC) | |
| User-option data | Library of Congress record |
| 942 ## - ADDED ENTRY ELEMENTS (KOHA) | |
| Source of classification or shelving scheme | |
| Koha item type | Book |
| Withdrawn status | Lost status | Source of classification or shelving scheme | Damaged status | Not for loan | Collection code | Permanent Location | Current Location | Shelving location | Date acquired | Source of acquisition | Cost, normal purchase price | Total Checkouts | Full call number | Barcode | Date last seen | Price effective from | Koha item type | Date last checked out | Copy number |
|---|---|---|---|---|---|---|---|---|---|---|---|---|---|---|---|---|---|---|---|
| US-Pakistan Center for Advanced Studies in Energy (USPCAS-E) | US-Pakistan Center for Advanced Studies in Energy (USPCAS-E) | 12/28/2015 | Progressive | 7116.00 | 621.31244 SRI-F 2006 | CAS-E0000941 | 12/28/2015 | 12/28/2015 | Book | ||||||||||
| US-Pakistan Center for Advanced Studies in Energy (USPCAS-E) | US-Pakistan Center for Advanced Studies in Energy (USPCAS-E) | 12/28/2015 | Progressive | 7116.00 | 1 | 621.31244 SRI-F 2006 | CAS-E0000942 | 08/22/2016 | 12/28/2015 | Book | 05/23/2016 | C.2 |
